000 00830nam a2200253Ia 4500
003 OSt
005 20220923211152.0
006 a|||||r|||| 00| 0
007 ta
008 Pun
020 _a81876541735 (hbk)
_c200
024 _a280,561
037 _b801, 09/03/2014, H.K. Prakashan
_cTextual
040 _aARTS
_cARTS
_bPun
041 _2Pun
_aPun
082 _aO153,3NBR,CN, Q4
100 _aਬਰਾੜ, ਬਲਵਿੰਦਰ ਕੌਰ
_9159053
245 0 _aਚਿੱਤ ਨਾ ਚੇਤੇ
260 _aਦਿੱਲੀ
_b ਮਨਪ੍ਰੀਤ ਪ੍ਰਕਾFਨ
_c2014
300 _a103ਪੰ
_ccm.
650 _aਪੰਜਾਬੀ ਸਾਹਿਤ
942 _hO153,3NBR,CN, Q4
_cTEXL
_2CC
999 _c296264
_d296264